[Event "2nd Welsh Seniors Invitational sponsored"]
[Site "Park Inn by Radisson Cardiff N"]
[Date "2016.09.22"]
[Round "6.1"]
[White "Waterfield, John W"]
[Black "Hewitt, William"]
[Result "1/2-1/2"]
[WhiteElo "1958"]
[BlackElo "2024"]
[PlyCount "37"]
[EventDate "2016.09.17"]
[EventRounds "9"]
[EventCountry "WLS"]

1. e4 c6 2. d4 d5 3. exd5 cxd5 4. c4 Nf6 5. Nc3 Nc6 6. Nf3 g6 7. cxd5 Nxd5 8.
Bc4 Nxc3 9. Qb3 Nd5 10. Bxd5 e6 11. Bxc6+ bxc6 12. O-O Qd5 13. Qc3 f6 14. b4
Bd6 15. Bh6 Kf7 16. h4 Bd7 17. a3 Rhb8 18. Nd2 a5 19. bxa5 1/2-1/2

[Event "2nd Welsh Seniors Invitational sponsored"]
[Site "Park Inn by Radisson Cardiff N"]
[Date "2016.09.22"]
[Round "6.2"]
[White "James, Dai"]
[Black "Van Kemenade, Rudy"]
[Result "1-0"]
[WhiteElo "1893"]
[BlackElo "2004"]
[PlyCount "55"]
[EventDate "2016.09.17"]
[EventRounds "9"]
[EventCountry "WLS"]

1. c4 d6 2. g3 g6 3. Bg2 Bg7 4. f4 Nc6 5. Nf3 e5 6. Nc3 Bg4 7. e3 Nf6 8. d3 d5
9. cxd5 Nxd5 10. O-O Ndb4 11. Qb3 Be6 12. Qa4 Qxd3 13. a3 Na6 14. Nxe5 Bxe5 15.
Bxc6+ bxc6 16. Qxc6+ Ke7 17. fxe5 Qc4 18. Qf3 Rad8 19. e4 Qd4+ 20. Be3 Qxe5 21.
Nd5+ Bxd5 22. exd5 f6 23. Rae1 Kf7 24. Bc5 Qf5 25. Qe3 Qxd5 26. Be7 Rde8 27.
Rxf6+ Kg7 28. Rxa6 1-0

[Event "2nd Welsh Seniors Invitational sponsored"]
[Site "Park Inn by Radisson Cardiff N"]
[Date "2016.09.22"]
[Round "6.3"]
[White "Zavanelli, Max"]
[Black "Turner, Joseph David"]
[Result "0-1"]
[WhiteElo "1897"]
[BlackElo "1956"]
[PlyCount "54"]
[EventDate "2016.09.17"]
[EventRounds "9"]
[EventCountry "WLS"]

1. e4 Nc6 2. Nf3 f5 3. exf5 d5 4. Bb5 Bxf5 5. Ne5 Qd6 6. d4 e6 7. O-O Nge7 8.
c4 dxc4 9. Nc3 Rd8 10. Bg5 Qxd4 11. Nxc6 bxc6 12. Qa4 cxb5 13. Nxb5 Qd7 14.
Nxc7+ Kf7 15. Qxc4 Rc8 16. Rac1 Nd5 17. Rfd1 Kg6 18. Bf4 Bd6 19. Bxd6 Qxd6 20.
g4 Bb1 21. Rxb1 Rxc7 22. Qe4+ Kf7 23. Rd3 Rhc8 24. Rbd1 Rc1 25. Qa4 Rxd1+ 26.
Rxd1 Qf4 27. Rxd5 Qxa4 0-1

[Event "2nd Welsh Seniors Invitational sponsored"]
[Site "Park Inn by Radisson Cardiff N"]
[Date "2016.09.22"]
[Round "6.4"]
[White "Taylor, Robert Graham"]
[Black "Stuart, Neil"]
[Result "1-0"]
[WhiteElo "1943"]
[BlackElo "1900"]
[PlyCount "93"]
[EventDate "2016.09.17"]
[EventRounds "9"]
[EventCountry "WLS"]

1. e4 c5 2. Nc3 e6 3. Nf3 Nc6 4. g3 a6 5. Bg2 Nge7 6. O-O Qc7 7. d3 d6 8. Be3
Bd7 9. Ne2 Ng6 10. h3 Be7 11. Ne1 Bf6 12. c3 O-O 13. f4 b5 14. h4 Rfe8 15. h5
Nf8 16. g4 e5 17. f5 h6 18. Nf3 Nh7 19. Qd2 Qd8 20. Rad1 Ng5 21. Nxg5 Bxg5 22.
Ng3 Bxe3+ 23. Qxe3 Qf6 24. Rd2 Rad8 25. Rfd1 Qh4 26. Qf3 Qg5 27. Bh3 Qf6 28.
Rg2 a5 29. Nf1 Qg5 30. Ne3 f6 31. Qg3 Rf8 32. Nf1 Be8 33. Nd2 Bf7 34. a3 d5 35.
Re1 dxe4 36. Nxe4 Qf4 37. Nxc5 Bd5 38. Qxf4 exf4 39. Rf2 f3 40. Ne6 Rfe8 41. d4
Rb8 42. Rd1 Rbc8 43. Bf1 Kf7 44. Bxb5 Bxe6 45. fxe6+ Kxe6 46. Bxc6 Rxc6 47. d5+
1-0

[Event "2nd Welsh Seniors Invitational sponsored"]
[Site "Park Inn by Radisson Cardiff N"]
[Date "2016.09.22"]
[Round "6.5"]
[White "Wagner, Guy"]
[Black "Heaven, Peter"]
[Result "0-1"]
[WhiteElo "1829"]
[BlackElo "2015"]
[PlyCount "26"]
[EventDate "2016.09.17"]
[EventRounds "9"]
[EventCountry "WLS"]

1. f4 d5 2. Nf3 Nf6 3. g3 g6 4. Bg2 Bg7 5. O-O c5 6. d3 O-O 7. c3 Nc6 8. Na3
Rb8 9. Ne5 Ne8 10. d4 cxd4 11. cxd4 f6 12. Nf3 Nd6 13. Nb5 Nxb5 0-1

[Event "2nd Welsh Seniors Invitational sponsored"]
[Site "Park Inn by Radisson Cardiff N"]
[Date "2016.09.23"]
[Round "7.1"]
[White "Heaven, Peter"]
[Black "Waterfield, John W"]
[Result "1/2-1/2"]
[WhiteElo "2015"]
[BlackElo "1958"]
[PlyCount "35"]
[EventDate "2016.09.17"]
[EventRounds "9"]
[EventCountry "WLS"]

1. e4 c5 2. Nf3 d6 3. d4 cxd4 4. Nxd4 Nf6 5. Nc3 a6 6. Bg5 e6 7. f4 Nc6 8. e5
h6 9. Bh4 Nxd4 10. Qxd4 dxe5 11. Qxd8+ Kxd8 12. fxe5 g5 13. Bg3 Nd7 14. Be2 Bg7
15. O-O Ke7 16. Bh5 Rf8 17. Rad1 b5 18. Rfe1 1/2-1/2

[Event "2nd Welsh Seniors Invitational sponsored"]
[Site "Park Inn by Radisson Cardiff N"]
[Date "2016.09.23"]
[Round "7.2"]
[White "Stuart, Neil"]
[Black "Wagner, Guy"]
[Result "1/2-1/2"]
[WhiteElo "1900"]
[BlackElo "1829"]
[PlyCount "25"]
[EventDate "2016.09.17"]
[EventRounds "9"]
[EventCountry "WLS"]

1. d4 e6 2. Nf3 f5 3. Bg5 Be7 4. Bxe7 Qxe7 5. e3 Nf6 6. c4 O-O 7. Bd3 Nc6 8.
O-O d6 9. Nc3 e5 10. dxe5 dxe5 11. Be2 Be6 12. Qb3 b6 13. Rac1 1/2-1/2

[Event "2nd Welsh Seniors Invitational sponsored"]
[Site "Park Inn by Radisson Cardiff N"]
[Date "2016.09.23"]
[Round "7.3"]
[White "Turner, Joseph David"]
[Black "Taylor, Robert Graham"]
[Result "1/2-1/2"]
[WhiteElo "1956"]
[BlackElo "1943"]
[PlyCount "106"]
[EventDate "2016.09.17"]
[EventRounds "9"]
[EventCountry "WLS"]

1. e4 c6 2. Nc3 d6 3. Nf3 g6 4. d4 Bg7 5. Bc4 Nf6 6. a4 O-O 7. h3 d5 8. Bd3
dxe4 9. Nxe4 Nxe4 10. Bxe4 Nd7 11. c3 Nf6 12. Bd3 Qc7 13. Ne5 Nd7 14. f4 Nxe5
15. fxe5 f6 16. Bc4+ e6 17. O-O fxe5 18. Rxf8+ Bxf8 19. Qg4 exd4 20. Bf4 Qg7
21. Bxe6+ Bxe6 22. Qxe6+ Qf7 23. Qxf7+ Kxf7 24. cxd4 Bg7 25. Rf1 Ke6 26. Be5
Bxe5 27. Re1 Rd8 28. Rxe5+ Kf6 29. Re4 Kf5 30. Re5+ Kf4 31. Re7 Rxd4 32. Rxb7
Rxa4 33. Rf7+ Kg3 34. Rf3+ Kh4 35. Kh2 Kg5 36. b3 Ra6 37. Kg3 h5 38. h4+ Kh6
39. Kf4 Rb6 40. Ke5 Rb4 41. g3 a5 42. Kd6 a4 43. bxa4 Rxa4 44. Kxc6 Ra5 45. Kd6
g5 46. Rf6+ Kg7 47. hxg5 Rxg5 48. Rf3 Kg6 49. Ke6 Ra5 50. Rf8 Kg7 51. Rf5 Ra6+
52. Ke5 Kg6 53. Rf8 Kg7 1/2-1/2

[Event "2nd Welsh Seniors Invitational sponsored"]
[Site "Park Inn by Radisson Cardiff N"]
[Date "2016.09.23"]
[Round "7.5"]
[White "Hewitt, William"]
[Black "James, Dai"]
[Result "1/2-1/2"]
[WhiteElo "2024"]
[BlackElo "1893"]
[PlyCount "31"]
[EventDate "2016.09.17"]
[EventRounds "9"]
[EventCountry "WLS"]

1. e4 d6 2. d4 Nf6 3. Nc3 g6 4. f4 Bg7 5. Nf3 O-O 6. Be3 c6 7. Qd2 d5 8. Bd3
dxe4 9. Nxe4 Nxe4 10. Bxe4 Nd7 11. Bd3 Nf6 12. O-O-O Nd5 13. c4 Nxe3 14. Qxe3
Bg4 15. Bc2 Qa5 16. a3 1/2-1/2

[Event "2nd Welsh Seniors Invitational sponsored"]
[Site "Park Inn by Radisson Cardiff N"]
[Date "2016.09.24"]
[Round "8.1"]
[White "Waterfield, John W"]
[Black "James, Dai"]
[Result "1/2-1/2"]
[WhiteElo "1958"]
[BlackElo "1893"]
[PlyCount "83"]
[EventDate "2016.09.17"]
[EventRounds "9"]
[EventCountry "WLS"]

1. e4 e6 2. d4 d5 3. Nc3 Nf6 4. Bg5 Bb4 5. e5 h6 6. Bd2 Bxc3 7. Bxc3 Ne4 8. Bd3
Nxc3 9. bxc3 c5 10. Qg4 Qg5 11. h3 f5 12. exf6 Qxg4 13. hxg4 gxf6 14. Nf3 Nc6
15. Kd2 Kf7 16. Rae1 Bd7 17. Bb5 Rag8 18. Rh4 Nb8 19. Bxd7 Nxd7 20. Rb1 b6 21.
Rbh1 e5 22. dxe5 fxe5 23. Rxh6 Rxh6 24. Rxh6 Rxg4 25. Rd6 Rxg2 26. Rxd7+ Ke6
27. Rxa7 Rxf2+ 28. Ke3 Rxc2 29. Kd3 Rg2 30. Ne1 e4+ 31. Ke3 Rb2 32. a4 Ra2 33.
Ra6 Ke5 34. Nd3+ exd3 35. Kxd3 Ra3 36. Kc2 c4 37. Rxb6 Rxa4 38. Rh6 Ra2+ 39.
Kc1 Rf2 40. Rh5+ Ke4 41. Kd1 Kd3 42. Rh3+ 1/2-1/2

[Event "2nd Welsh Seniors Invitational sponsored"]
[Site "Park Inn by Radisson Cardiff N"]
[Date "2016.09.24"]
[Round "8.2"]
[White "Zavanelli, Max"]
[Black "Hewitt, William"]
[Result "1/2-1/2"]
[WhiteElo "1897"]
[BlackElo "2024"]
[PlyCount "41"]
[EventDate "2016.09.17"]
[EventRounds "9"]
[EventCountry "WLS"]

1. e4 c5 2. Nf3 e6 3. c3 d5 4. exd5 Qxd5 5. d4 Nf6 6. Be3 cxd4 7. cxd4 Nc6 8.
Nc3 Qd8 9. Be2 Be7 10. O-O O-O 11. Ne5 Nb4 12. Rc1 Nbd5 13. Qb3 Nxe3 14. fxe3
Bd6 15. Nc4 Bc7 16. Nb5 Ne8 17. Bf3 Bb6 18. Nc3 Bc7 19. Nb5 Bb6 20. Nc3 Bc7 21.
Nb5 1/2-1/2

[Event "2nd Welsh Seniors Invitational sponsored"]
[Site "Park Inn by Radisson Cardiff N"]
[Date "2016.09.24"]
[Round "8.3"]
[White "Taylor, Robert Graham"]
[Black "Van Kemenade, Rudy"]
[Result "1-0"]
[WhiteElo "1943"]
[BlackElo "2004"]
[PlyCount "51"]
[EventDate "2016.09.17"]
[EventRounds "9"]
[EventCountry "WLS"]

1. d4 Nf6 2. c4 e5 3. e3 Nc6 4. d5 Ne7 5. Nc3 d6 6. Bd3 g6 7. f4 exf4 8. exf4
Bg7 9. Nge2 O-O 10. O-O Nf5 11. h3 Re8 12. Bxf5 Bxf5 13. Ng3 Bd7 14. f5 h6 15.
fxg6 fxg6 16. Qd3 g5 17. Be3 Qe7 18. Bd4 c5 19. dxc6 bxc6 20. Rad1 Be6 21. Rde1
Rf8 22. Qg6 Rae8 23. Bxf6 Rxf6 24. Rxf6 Bf7 25. Rxe7 Rxe7 26. Rxf7 1-0

[Event "2nd Welsh Seniors Invitational sponsored"]
[Site "Park Inn by Radisson Cardiff N"]
[Date "2016.09.24"]
[Round "8.4"]
[White "Wagner, Guy"]
[Black "Turner, Joseph David"]
[Result "1-0"]
[WhiteElo "1829"]
[BlackElo "1956"]
[PlyCount "131"]
[EventDate "2016.09.17"]
[EventRounds "9"]
[EventCountry "WLS"]

1. f4 Nf6 2. Nf3 g6 3. Nc3 Bg7 4. e4 d6 5. d4 O-O 6. Bd3 Bg4 7. O-O Nc6 8. e5
Nh5 9. Ne2 Bxf3 10. Rxf3 Nxd4 11. Nxd4 dxe5 12. g4 Nf6 13. g5 Ng4 14. Nb3 e4
15. Rf1 exd3 16. Qxg4 dxc2 17. Qe2 a5 18. Qxc2 a4 19. Nd2 Bd4+ 20. Kg2 a3 21.
Rb1 axb2 22. Bxb2 Qd5+ 23. Kg3 Qxa2 24. Qb3 Qa7 25. Bxd4 Qxd4 26. Nf3 Qd6 27.
Qxb7 Ra4 28. Ne5 Ra3+ 29. Rf3 f6 30. Rxa3 Qxa3+ 31. Rb3 Qc1 32. Qd5+ Kg7 33.
Nf3 h5 34. h4 fxg5 35. Qxg5 Rf7 36. Qe5+ Kh6 37. Rb8 Qc6 38. Rh8+ Rh7 39. Rxh7+
Kxh7 40. Qxe7+ Kg8 41. Qd8+ Kg7 42. Qd4+ Qf6 43. Qxf6+ Kxf6 44. Nd2 Ke6 45. Kf3
Kd5 46. Ke3 c5 47. Kd3 Ke6 48. Ke4 Kf6 49. Nc4 Ke6 50. Ne3 Kd6 51. f5 gxf5+ 52.
Kxf5 Ke7 53. Kg6 Ke6 54. Kxh5 Kf7 55. Kh6 Kf6 56. Kh5 Kg7 57. Kg5 Kh7 58. h5
Kg7 59. h6+ Kh7 60. Kh5 Kg8 61. Kg6 Kh8 62. Nc4 Kg8 63. Ne5 c4 64. Nxc4 Kh8 65.
Ne5 Kg8 66. h7+ 1-0

[Event "2nd Welsh Seniors Invitational sponsored"]
[Site "Park Inn by Radisson Cardiff N"]
[Date "2016.09.24"]
[Round "8.5"]
[White "Heaven, Peter"]
[Black "Stuart, Neil"]
[Result "1-0"]
[WhiteElo "2015"]
[BlackElo "1900"]
[PlyCount "39"]
[EventDate "2016.09.17"]
[EventRounds "9"]
[EventCountry "WLS"]

1. e4 c5 2. Nf3 e6 3. d4 cxd4 4. Nxd4 Nf6 5. Nc3 Bb4 6. Bd3 d5 7. e5 Nfd7 8.
Qg4 O-O 9. Bh6 g6 10. Bxf8 Bxf8 11. f4 Qb6 12. Nde2 Nc5 13. O-O-O Nc6 14. h4
Bd7 15. h5 Nxd3+ 16. Rxd3 Na5 17. hxg6 fxg6 18. Nxd5 exd5 19. Qxd7 Bg7 20.
Qxd5+ 1-0

[Event "2nd Welsh Seniors Invitational sponsored"]
[Site "Park Inn by Radisson Cardiff N"]
[Date "2016.09.25"]
[Round "9.1"]
[White "Stuart, Neil"]
[Black "Waterfield, John W"]
[Result "0-1"]
[WhiteElo "1900"]
[BlackElo "1958"]
[PlyCount "100"]
[EventDate "2016.09.17"]
[EventRounds "9"]
[EventCountry "WLS"]

1. d4 Nf6 2. c4 c5 3. Nf3 cxd4 4. Nxd4 e5 5. Nf3 Nc6 6. Nc3 Bb4 7. Bd2 e4 8.
Ng5 Qe7 9. e3 O-O 10. Qc2 Re8 11. a3 Ba5 12. Be2 Bxc3 13. Bxc3 d5 14. O-O-O Be6
15. Nxe6 Qxe6 16. Rd2 dxc4 17. Rhd1 Ne5 18. Bxe5 Qxe5 19. h3 c3 20. bxc3 Rac8
21. Rd4 Qa5 22. Kb2 Qb6+ 23. Rb4 Qc7 24. Rdd4 Red8 25. Rbc4 Qe7 26. Qd2 h6 27.
Qc2 Rxc4 28. Bxc4 b6 29. Qb3 Rxd4 30. cxd4 Ne8 31. Qb4 Qxb4+ 32. axb4 Nd6 33.
Bd5 Kf8 34. Kb3 Ke7 35. f3 exf3 36. gxf3 Nf5 37. e4 Nxd4+ 38. Kc4 Nxf3 39. Kb5
Nd4+ 40. Ka6 Nc2 41. Kb5 f6 42. Bg8 Kd6 43. Kc4 Ke5 44. Bh7 g5 45. Bg6 Kf4 46.
Kb5 Kg3 47. Bf5 Nd4+ 48. Ka6 Nxf5 49. exf5 Kxh3 50. Kxa7 g4 0-1

[Event "2nd Welsh Seniors Invitational sponsored"]
[Site "Park Inn by Radisson Cardiff N"]
[Date "2016.09.25"]
[Round "9.3"]
[White "Van Kemenade, Rudy"]
[Black "Wagner, Guy"]
[Result "1-0"]
[WhiteElo "2004"]
[BlackElo "1829"]
[PlyCount "101"]
[EventDate "2016.09.17"]
[EventRounds "9"]
[EventCountry "WLS"]

1. e4 e6 2. d3 c5 3. Nf3 Nc6 4. g3 Nge7 5. Bg2 g6 6. O-O Bg7 7. Re1 e5 8. Be3
d6 9. c3 O-O 10. d4 b6 11. h3 Bb7 12. Na3 Kh8 13. Qd2 f5 14. d5 f4 15. gxf4
exf4 16. Bxf4 Ne5 17. Bxe5 dxe5 18. Nc4 Rxf3 19. Bxf3 Ng8 20. Bg2 Bh6 21. Nxe5
Qf6 22. Ng4 Bxd2 23. Nxf6 Nxf6 24. Re2 Bf4 25. e5 Nxd5 26. c4 Nc3 27. bxc3 Bxg2
28. Kxg2 Re8 29. Re4 Bd2 30. f4 Bxc3 31. Rd1 Bd4 32. Kf3 Kg7 33. Re2 Kf7 34. a4
Ke6 35. Ra2 Rf8 36. Ke4 g5 37. Rf1 gxf4 38. Rxf4 Rxf4+ 39. Kxf4 Bxe5+ 40. Ke4
Bc3 41. Rc2 Bb4 42. Rg2 Kf6 43. Rg8 h6 44. Ra8 a5 45. Rb8 Kg5 46. Kf3 Kh4 47.
Rxb6 h5 48. Kg2 Kg5 49. Kg3 h4+ 50. Kf3 Kf5 51. Rd6 1-0

[Event "2nd Welsh Seniors Invitational sponsored"]
[Site "Park Inn by Radisson Cardiff N"]
[Date "2016.09.25"]
[Round "9.4"]
[White "Hewitt, William"]
[Black "Taylor, Robert Graham"]
[Result "1-0"]
[WhiteElo "2024"]
[BlackElo "1943"]
[PlyCount "85"]
[EventDate "2016.09.17"]
[EventRounds "9"]
[EventCountry "WLS"]

1. e4 c5 2. Nf3 Nc6 3. d4 cxd4 4. Nxd4 e5 5. Nb5 d6 6. c4 a6 7. N5c3 Nf6 8. Be2
Be7 9. O-O O-O 10. Be3 Be6 11. Na3 Nd7 12. Nd5 Bg5 13. Nc2 Bxe3 14. Ndxe3 Nf6
15. f3 Ne7 16. Qd2 Ng6 17. Rfd1 Qb6 18. Qxd6 Qxb2 19. Rdb1 Qc3 20. Rb3 Qa5 21.
Rxb7 Nf4 22. Bf1 Rac8 23. Qb4 Qxb4 24. Nxb4 Rb8 25. Rxb8 Rxb8 26. Nxa6 Rb2 27.
Nc5 Ne2+ 28. Bxe2 Rxe2 29. Nd5 Rc2 30. Nxf6+ gxf6 31. Nxe6 fxe6 32. a4 Rxc4 33.
a5 Rc8 34. a6 Kg7 35. a7 Ra8 36. Kf2 Kf7 37. Ke3 Ke7 38. Kd3 Kd7 39. Kc4 Kc7
40. Kb5 Kb7 41. Ra2 f5 42. Ra6 fxe4 43. fxe4 1-0

[Event "2nd Welsh Seniors Invitational sponsored"]
[Site "Park Inn by Radisson Cardiff N"]
[Date "2016.09.25"]
[Round "9.5"]
[White "James, Dai"]
[Black "Zavanelli, Max"]
[Result "0-1"]
[WhiteElo "1893"]
[BlackElo "1897"]
[PlyCount "48"]
[EventDate "2016.09.17"]
[EventRounds "9"]
[EventCountry "WLS"]

1. f4 Nc6 2. e4 d5 3. e5 Nh6 4. d4 Bf5 5. Nf3 e6 6. Bd3 Be7 7. O-O O-O 8. c3
Na5 9. h3 c5 10. g4 Bg6 11. Na3 cxd4 12. cxd4 Rc8 13. f5 exf5 14. g5 Ng4 15.
hxg4 fxg4 16. Nh2 Bxg5 17. Qxg4 Rxc1 18. Bxg6 Rxf1+ 19. Rxf1 hxg6 20. Nf3 Be3+
21. Kg2 Qb6 22. b3 Qe6 23. Qh4 g5 24. Nxg5 Qg6 0-1